01229nam a2200325uu 4500001000800000005001700008007001000025008004100035035001200076040001300088041000800101082000800109100005200117245006800169260005300237300001300290650004100303650003700344650003400381650004200415650005100457700004900508700005500557700005300612942001000665999001900675502001000694526000700704952019200711134668020260508084540.0co|||||||131011e20101011 eng  a1346680 ccomduadb aeng 4a42810aPabón Pabón, Ayde Johanna4auteaut961239910aFostering strategic competence through communication strategies aEl Carmen de Viboral :b[sin publicador],c2010. a1 CD-ROM aEstrategias de comunicación977211 aCompetencias estrategicas928682 aActitud del estudiante919087 aInglés básico - Enseñanza94185 aInglés - Enseñanza - Metodología920294310aHerrera Carvajal, Carolina4thseths956137110aÁlvarez Sánchez, Juan Camilo4thseths957746110aMier Madrid, Mónica Patricia4thseths9619172 cTESIS c667535d667535 b10c3 a10 00102ddc40708DIGITALaCARMEbCARMEd2013-10-11eMaterial adquirido por donaciónfDONAg10000.00iC1189177l0o428.007 P112 CD-ROMp86671r2025-01-21 00:00:00t1w2023-05-02yDIGITAL